| 000 | 00775nam a22002177a 4500 | ||
|---|---|---|---|
| 003 | OSt | ||
| 005 | 20131113134824.0 | ||
| 008 | 130514s2002 sp ||||| |||| 00| 0 d | ||
| 020 | _a8495415623 | ||
| 040 | _cCDMR | ||
| 245 |
_aXornalismo en internet _b: actitudes profesionais e condicións laborais dos periodistas en liña _ccoordinadores, Xosé López, Miguel Túñez López |
||
| 260 |
_aSantiago de Compostela _bConsello da Cultura Galega. Sección de Comunicación _c2002 |
||
| 300 | _a166 p. | ||
| 490 | 0 | _aInformes | |
| 650 | 0 | 4 |
_93188 _aPremsa digital |
| 650 | 0 | 4 |
_92767 _aPeriodistes _xSituació legal, lleis, etc |
| 650 | 0 | 4 |
_94341 _aMercat de treball _zEspanya _zGalícia |
| 700 | 1 |
_93414 _aLópez García, Xosé |
|
| 700 | 1 |
_986 _aTuñez, Miguel |
|
| 942 |
_2udc _cMON |
||
| 999 |
_c6227 _d6227 |
||